| LEADER 00000nam 2200000uu 4500 |
| 001 213655 |
| 003 ULIBM |
| 008 230730s||||||||th 000 0 tha d |
| 020 ^a9786163810373
|
| 041 1 ^atha^hchi
|
| 050 4 ^aPL1121 ^bอ335ก 2565
|
| 100 0 ^aอรพินท์ อัจฉริยกาญจน์
|
| 245 10 ^aเก่งพูดจีนใน 101 ชั่วโมง /^cอรพินท์ อัจฉริยกาญจน์
|
| 250 ^aพิมพ์ครั้งที่ 2
|
| 260 ^aกรุงเทพฯ :^bสำนักพิมพ์ Life Balance,^c2565, [2022]
|
| 300 ^a511 หน้า :^bภาพประกอบ ;^c21 ซม.
|
| 650 0 ^aChinese language^xTextbooks for foreign speakers
|
| 650 4 ^aภาษาจีน ^xบทสนทนาและวลี
|
| 650 4 ^aภาษาจีน^xตำราสำหรับชนต่างชาติ
|
| 999 ^aใช้งานได้ทุกระบบ
|